Japońscy sportowcy - nagła śmierć - Statystyki

Ogólne statystyki
  • Ten quiz został rozwiązany 58 razy
  • Średni wynik to 11 z 12
Answers on the Grid
Answers color-coded by a green-red scale on the quiz's grid according to % correct below.
Noriaki Kasai
Shinji Kagawa
Son Heung-min
Naomi Osaka
Xiao Guodong
Urša Bogataj
Ryōyū Kobayashi
Rui Costa
Keisuke Honda
Jeļena Ostapenko
Shunsuke Nakamura
Park Ji-sung
Sabirżan Muminow
Kei Nishikori
Witalij Kliczko
Liu Chunhong
Takefusa Kubo
Guus Hiddink
Naohisa Takatō
Takumi Minamino
Sarah Hendrickson
Sara Takanashi
Siergiej Tkaczenko
Yasuhiro Yamashita
 
Statystyki odpowiedzi
Odpowiedź % Poprawnych
Noriaki Kasai
98%
Ryōyū Kobayashi
92%
Naohisa Takatō
90%
Naomi Osaka
90%
Sara Takanashi
90%
Shinji Kagawa
90%
Shunsuke Nakamura
90%
Takumi Minamino
90%
Keisuke Honda
88%
Takefusa Kubo
88%
Yasuhiro Yamashita
88%
Kei Nishikori
86%
Nie znaleziono quizów pasujących do podanych kryteriów
Rozkład punktacji
Procent ludzi z każdym wynikiem
Percentyl według liczby udzielonych odpowiedzi
Twoja historia wyników
Nie rozwiązałeś tego quizu